Latin American urban research. (Record no. 9596)

MARC details
000 -LEADER
fixed length control field 02885cas a2200757 4500
001 - CONTROL NUMBER
control field 11215748
005 - DATE AND TIME OF LATEST TRANSACTION
control field 20260505142013.0
008 - FIXED-LENGTH DATA ELEMENTS--GENERAL INFORMATION
fixed length control field 740830u1970uuuucauar m 0 a0eng
010 ## - LIBRARY OF CONGRESS CONTROL NUMBER
LC control number 78103483
016 ## - NATIONAL BIBLIOGRAPHIC AGENCY CONTROL NUMBER
Record control number (AMICUS)000000087010
016 7# - NATIONAL BIBLIOGRAPHIC AGENCY CONTROL NUMBER
Record control number 011096640
Source DE-101
016 7# - NATIONAL BIBLIOGRAPHIC AGENCY CONTROL NUMBER
Record control number 195381-3
Source DE-600
016 7# - NATIONAL BIBLIOGRAPHIC AGENCY CONTROL NUMBER
Record control number 000267069
Source IsJJNL
016 7# - NATIONAL BIBLIOGRAPHIC AGENCY CONTROL NUMBER
Record control number 011120006
Source Uk
022 ## - INTERNATIONAL STANDARD SERIAL NUMBER
International Standard Serial Number 0075-8167
Source 1
023 0# - STANDARD FILM NUMBER (VM) [DELETED]
Standard film number 0075-8167
029 1# - OTHER SYSTEM CONTROL NUMBER (OCLC)
OCLC library identifier AU@
System control number 000000916325
029 1# - OTHER SYSTEM CONTROL NUMBER (OCLC)
OCLC library identifier AU@
System control number 000044758497
029 1# - OTHER SYSTEM CONTROL NUMBER (OCLC)
OCLC library identifier AU@
System control number 000053508580
029 1# - OTHER SYSTEM CONTROL NUMBER (OCLC)
OCLC library identifier HEBIS
System control number 04723962X
029 1# - OTHER SYSTEM CONTROL NUMBER (OCLC)
OCLC library identifier HEBIS
System control number 103227814
029 1# - OTHER SYSTEM CONTROL NUMBER (OCLC)
OCLC library identifier NLC
System control number 000000087010
029 1# - OTHER SYSTEM CONTROL NUMBER (OCLC)
OCLC library identifier NLGGC
System control number 045087776
029 1# - OTHER SYSTEM CONTROL NUMBER (OCLC)
OCLC library identifier NZ1
System control number 12279242
029 1# - OTHER SYSTEM CONTROL NUMBER (OCLC)
OCLC library identifier NZ1
System control number 4585879
029 1# - OTHER SYSTEM CONTROL NUMBER (OCLC)
OCLC library identifier UKMGB
System control number 011120006
029 1# - OTHER SYSTEM CONTROL NUMBER (OCLC)
OCLC library identifier ZWZ
System control number 038863782
035 ## - SYSTEM CONTROL NUMBER
System control number (OCoLC)994533
037 ## - SOURCE OF ACQUISITION
Source of stock number/acquisition Sage Publications, 275 S. Beverly Dr., Beverly Hills, CA 90212
040 ## - CATALOGING SOURCE
Transcribing agency IRDP
Modifying agency YUS
-- MUL
-- DLC
-- NSD
-- OCL
-- HUL
-- NST
-- DLC
-- NST
-- ZYU
-- OCLCQ
-- HEBIS
-- GBVCP
-- J9U
-- UKMGB
-- OCLCQ
-- OCLCF
-- OCLCO
-- DEBSZ
-- OCLCO
-- NLC
-- TYC
-- OCLCQ
-- GILDS
-- OCLCO
-- OCL
-- GZM
-- OCLCQ
-- CBA
-- OCLCO
-- OCLCQ
042 ## - AUTHENTICATION CODE
Authentication code pcc
-- nsdp
043 ## - GEOGRAPHIC AREA CODE
Geographic area code cl-----
082 04 - DEWEY DECIMAL CLASSIFICATION NUMBER
Classification number 307.76 LAT
100 ## - MAIN ENTRY--PERSONAL NAME
Personal name CORNELIUS,WAYNE.A
222 #0 - KEY TITLE
Key title Latin American urban research
245 00 - TITLE STATEMENT
Title Latin American urban research.
260 ## - PUBLICATION, DISTRIBUTION, ETC. (IMPRINT)
Place of publication, distribution, etc. LONDON
Name of publisher, distributor, etc. Sage Publications
Date of publication, distribution, etc. 1974
300 ## - PHYSICAL DESCRIPTION
Extent volumes 4
Dimensions 24 cm
362 0# - DATES OF PUBLICATION AND/OR SEQUENTIAL DESIGNATION
Dates of publication and/or sequential designation v. 4
530 ## - ADDITIONAL PHYSICAL FORM AVAILABLE NOTE
Additional physical form available note Also issued online.
550 ## - ISSUING BODY NOTE
Issuing body note Vols. 1-4 published in cooperation with the Center for Latin American Studies, University of Florida; v. 5- in cooperation with the Center for International Studies, Massachusetts Institute of Technology.
590 ## - LOCAL NOTE (RLIN)
Local note SERBIB/SERLOC merged record
650 #0 - SUBJECT ADDED ENTRY--TOPICAL TERM
Topical term or geographic name as entry element Cities and towns
Geographic subdivision Latin America.
650 #0 - SUBJECT ADDED ENTRY--TOPICAL TERM
Topical term or geographic name as entry element Urbanization
Geographic subdivision Latin America.
650 #0 - SUBJECT ADDED ENTRY--TOPICAL TERM
Topical term or geographic name as entry element Rural-urban migration
Geographic subdivision Latin America.
650 #7 - SUBJECT ADDED ENTRY--TOPICAL TERM
Topical term or geographic name as entry element Cities and towns.
Source of heading or term fast
650 #7 - SUBJECT ADDED ENTRY--TOPICAL TERM
Topical term or geographic name as entry element Rural-urban migration.
Source of heading or term fast
650 #7 - SUBJECT ADDED ENTRY--TOPICAL TERM
Topical term or geographic name as entry element Urbanization.
Source of heading or term fast
650 #7 - SUBJECT ADDED ENTRY--TOPICAL TERM
Topical term or geographic name as entry element Cities and towns
Geographic subdivision Latin America.
Source of heading or term ltcsh
650 #7 - SUBJECT ADDED ENTRY--TOPICAL TERM
Topical term or geographic name as entry element Migration
Geographic subdivision Latin America.
Source of heading or term ltcsh
650 #7 - SUBJECT ADDED ENTRY--TOPICAL TERM
Topical term or geographic name as entry element Marginality
Geographic subdivision Latin America.
Source of heading or term ltcsh
650 #7 - SUBJECT ADDED ENTRY--TOPICAL TERM
Topical term or geographic name as entry element Cities and towns
Geographic subdivision Latin America
Source of heading or term nli
650 #7 - SUBJECT ADDED ENTRY--TOPICAL TERM
Topical term or geographic name as entry element Rural-urban migration
Geographic subdivision Latin America
Source of heading or term nli
650 #7 - SUBJECT ADDED ENTRY--TOPICAL TERM
Topical term or geographic name as entry element Urbanization
Geographic subdivision Latin America
Source of heading or term nli
651 #7 - SUBJECT ADDED ENTRY--GEOGRAPHIC NAME
Geographic name Latin America.
Source of heading or term fast
655 #7 - INDEX TERM--GENRE/FORM
Genre/form data or focus term Periodicals.
Source of term fast
655 #7 - INDEX TERM--GENRE/FORM
Genre/form data or focus term Periodicals.
Source of term lcgft
700 1# - ADDED ENTRY--PERSONAL NAME
Personal name Rabinovitz, Francine F.,
Relator term editor.
700 1# - ADDED ENTRY--PERSONAL NAME
Personal name Trueblood, Felicity M.,
Relator term editor.
710 2# - ADDED ENTRY--CORPORATE NAME
Corporate name or jurisdiction name as entry element University of Florida.
Subordinate unit Center for Latin American Studies.
710 2# - ADDED ENTRY--CORPORATE NAME
Corporate name or jurisdiction name as entry element Massachusetts Institute of Technology.
Subordinate unit Center for International Studies.
776 08 - ADDITIONAL PHYSICAL FORM ENTRY
Relationship information Online version:
Title Latin American urban research
Record control number (OCoLC)565883106
906 ## - LOCAL DATA ELEMENT F, LDF (RLIN)
a 7
b cbc
c serials
d 3
e ncip
f 19
g n-oclcserc
942 ## - ADDED ENTRY ELEMENTS (KOHA)
Source of classification or shelving scheme Dewey Decimal Classification
Koha item type BOOKS
Holdings
Withdrawn status Lost status Source of classification or shelving scheme Damaged status Not for loan Home library Current library Shelving location Date acquired Total Checkouts Full call number Barcode Date last seen Price effective from Koha item type
    Dewey Decimal Classification     Dodoma Dodoma Ground Floor 05/05/2026   307.76 LAT LIB003264 05/05/2026 05/05/2026 BOOKS

IRDP © 2021 :: Managed by ICT Team